Die wirtschaftliche Lage Russlands (Record no. 4573)

MARC details
000 -LEADER
fixed length control field 00662nam a22002297i 4500
001 - CONTROL NUMBER
control field 4673
003 - CONTROL NUMBER IDENTIFIER
control field OSt
005 - DATE AND TIME OF LATEST TRANSACTION
control field 20181025091619.0
007 - PHYSICAL DESCRIPTION FIXED FIELD--GENERAL INFORMATION
fixed length control field tu
008 - FIXED-LENGTH DATA ELEMENTS--GENERAL INFORMATION
fixed length control field 161220s2000 xxu||||| |||| 00| 0 d
024 7# - OTHER STANDARD IDENTIFIER
Standard number or code 4673
Source of number or code RID
024 7# - OTHER STANDARD IDENTIFIER
Standard number or code 4673
Source of number or code RSN (alt)
040 ## - CATALOGING SOURCE
Transcribing agency OSt
100 1# - MAIN ENTRY--PERSONAL NAME
Personal name Gabrisch, Hubert
245 00 - TITLE STATEMENT
Title Die wirtschaftliche Lage Russlands
260 ## - PUBLICATION, DISTRIBUTION, ETC.
Place of publication, distribution, etc. Wien :
Name of publisher, distributor, etc. Wiener Institut für Internationale Wirtschaftsvergleiche (wiiw),
Date of publication, distribution, etc. 2000.
300 ## - PHYSICAL DESCRIPTION
Extent 32 S. ;
Dimensions 30cm.
500 00 - GENERAL NOTE
General note Sonderdruck aus Forschungsberichte des Institut für Wirtschaftsforschung Halle (IWH), Heft 1,2000
651 ## - SUBJECT ADDED ENTRY--GEOGRAPHIC NAME
Geographic name Russia
700 1# - ADDED ENTRY--PERSONAL NAME
Personal name Havlik, Peter
9 (RLIN) 4
942 ## - ADDED ENTRY ELEMENTS (KOHA)
Koha item type Paper
Holdings
Withdrawn status Lost status Damaged status Not for loan Home library Current library Shelving location Date acquired Inventory number Total Checkouts Full call number Barcode Date last seen Price effective from Koha item type
        WIIW WIIW Corridor 05/24/2000 4673   7.002 10000010 01/26/2017 01/26/2017 Paper
The Vienna Instiute for International Economic Studies (wiiw)